=LDR 00000nam 2200000 4500 =001 INLIS000000000017082 =005 20130612112255 =008 ***********************************Ind** =035 ##$$a0010-061300000017082 =041 ##$$a Ind =082 ##$$a 337 =090 ##$$a 337, Hal e =100 ##$$a Halwani, R.Hendra =245 ##$$a Ekonomi internasional dan globalisasi ekonomi, R.Hendra Halwani =260 ##$$a 2002 $b Jakarta =300 ##$$a 539 hlm, Ilus, 25 cm =650 ##$$a Ekonomi internasional =850 ##$$a NBPNMAT =990 ##$$a 0001/BPAP-NTB/20142014